Harvard Art Museum Annual Report

Bibliografische gegevens
Formaat: Elektronisch Tijdschrift
Taal:English
Gepubliceerd in: The President and Fellows of Harvard College
Onderwerpen:
Online toegang:Full text available on JSTOR[1/3/07]
Off-campus access
LEADER 00940cas a2200193 a 4500
001 AALejournalJSTOR000397
008 230228c9999 xx r poo 0 0eng d
022 |a 1948-6545 
040 |a BD-DhAAL  |c BD-DhAAL 
245 0 0 |h [electronic resource]  |a Harvard Art Museum Annual Report 
260 |b The President and Fellows of Harvard College 
300 |a 1 online resource 
500 |a <strong>Off-Campus Access:</strong> Athens ID and Password Required 
500 |a <strong>On-Campus Access:</strong> No User ID or Password Required 
506 |a Electronic access restricted to authorized BRAC University faculty, staff and students 
538 |a Mode of access: Internet 
650 4 |a Art & Art History ; Arts 
856 4 0 |z Full text available on JSTOR[1/3/07]  |u https://www.jstor.org/journal/harvartmusannrep 
856 4 0 |z Off-campus access  |u https://go.openathens.net/redirector/bracu.ac.bd?url=https%3A%2F%2Fwww.jstor.org%2Fjournal%2Fharvartmusannrep